| 000 | 01332nam a2200349 a 4500 | ||
|---|---|---|---|
| 001 | 000110420 | ||
| 003 | CHAP | ||
| 005 | 20220329144132.0 | ||
| 008 | 140826s2014 mx a |sm |||||||spa d | ||
| 010 | _a106882 | ||
| 011 | _a107854 | ||
| 040 | _cCHAP | ||
| 090 | _aTesis | ||
| 100 | 1 |
_aRamírez Hernández, Isabel _9127896 |
|
| 245 | 1 | 0 |
_aComportamiento de variedades comerciales de trigo (Triticum aestivum L.) tizón común (Bipolaris sorokiniana Sacc & Sorok) _h[En línea] _cpor Isabel Ramírez Hernández. |
| 260 |
_aChapingo, Méx. : _bEl autor, _c2014. |
||
| 500 | _aPara ver el contenido del material haga clic en la liga | ||
| 502 | _aTesis (Ing. Agr. Esp. en Parasitología Agríola) -- UACH. Departamento de Parasitología Agrícola | ||
| 590 |
_aBATCH-UPD _b05 _c20140827 _lUCH01 _h0904 |
||
| 590 |
_aBATCH-UPD _b10 _c20141002 _lUCH01 _h0905 |
||
| 590 |
_aE11695DGD _b10 _c20140828 _lUCH01 _h1153 |
||
| 590 |
_aE5652GLJ _b05 _c20140826 _lUCH01 _h1423 |
||
| 590 |
_aE5652GLJ _b05 _c20140826 _lUCH01 _h1423 |
||
| 590 |
_aE5652GLJ _b05 _c20140827 _lUCH01 _h0903 |
||
| 650 | 1 | 4 |
_aBipolaris sorokiniana. _9127934 |
| 650 | 1 | 4 |
_aControl de plagas. _927595 |
| 650 | 1 | 4 |
_aTrigo _xVariedades. _9115119 |
| 856 |
_aFinding aid _uhttp://10.13.5.2/tesis/sist110420.pdf _zTeclea aquí |
||
| 901 | _aBK | ||
| 942 | _cTESIS | ||
| 942 | _n0 | ||
| 999 |
_c106882 _d106882 |
||